000 00302nam a22001337a 4500
008 170527b xxu||||| |||| 00| 0 eng d
020 _a9781587200946
041 _aeng
080 _a621
100 _a27
101 _aIm
245 _aCCNA INTRO/ EXAM CERTIFICATION GUIDE
_cODOM, W
942 _2udc
_cBK
999 _c14621
_d14621